Διαχείριση πληροφοριών και επικοινωνίες με χρήση του ελληνικού Internet Explorer 6.
Αποθηκεύτηκε σε:
| Μορφή: | Βιβλίο |
|---|---|
| Γλώσσα: | Greek |
| Δημοσίευση: |
[Χ.τ.] :
Β. Γκιούρδας,
[200-].
|
| Έκδοση: | Νέα έκδ. syllabus 4.0. |
| Θέματα: | |
| Ετικέτες: |
Προσθήκη ετικέτας
Δεν υπάρχουν, Καταχωρήστε ετικέτα πρώτοι!
|
MARC
| LEADER | 00000cam a2200000 i 4500 | ||
|---|---|---|---|
| 001 | 1/47704 | ||
| 008 | 140520q gr | | | |||| ||gre|| | ||
| 020 | |a 9603874655 | ||
| 035 | |l 10117703 | ||
| 040 | |a GR-MyUa |b gre |e AACR2 | ||
| 041 | 0 | |a gre | |
| 082 | 7 | |a 005.36 |2 (23) | |
| 245 | 1 | 0 | |a Διαχείριση πληροφοριών και επικοινωνίες με χρήση του ελληνικού Internet Explorer 6. |
| 246 | 1 | |i Τίτλος εξωφύλλου: |a ECDL πληροφορίες και επικοινωνίες Internet Explorer & Outlook Express. | |
| 250 | |a Νέα έκδ. syllabus 4.0. | ||
| 260 | |a [Χ.τ.] : |b Β. Γκιούρδας, |c [200-]. | ||
| 300 | |a viii, 269 σ. : |b πίν. ; |c 24 εκ. + |e 2 οπτικές δισκέττες λέϊζερ Η/Υ (4 3/4 ίν.) | ||
| 630 | 0 | 0 | |a European Computer Driving Licence. |
| 650 | 0 | |a Word processing |x Examinations |x Study guides. | |
| 650 | 0 | |a Time management |x Computer programms. | |
| 650 | 0 | |a Electronic data processing personnel |x Certification |x Study guides. | |
| 852 | |a INST |b LEMNOS |e 20140520 |h 005.36 ΔΙΑ |p 005600001110 |q 005600001110 |t BK |y 0 | ||
| 852 | |a INST |b LEMNOS |e 20140521 |h 005.36 ΔΙΑ |p 005600001111 |q 005600001111 |t BK |y 0 | ||
| 852 | |a INST |b LEMNOS |e 20140521 |h 005.36 ΔΙΑ |p 005600001112 |q 005600001112 |t BK |y 0 | ||
| 901 | |a BIBL6-2014-2 | ||
| 970 | |a ΜΟΣΧΟΒΗ |b ΕΥΑΓΓΕΛΙΑ |z 2014/05/20 | ||